Quiz o województwie warmińsko-mazurskim - Statystyki

Ogólne statystyki
  • Ten quiz został rozwiązany 1 928 razy
  • Średni wynik to 8 z 14
Statystyki odpowiedzi
Wskazówka Odpowiedź % Poprawnych
Stolica województwa Olsztyn
99%
Największe jezioro w Polsce Śniardwy
90%
Jedyne województwo posiadające więcej jezior pomorskie
79%
Rok powyższej bitwy 1410
76%
Miejsce bitwy wojsk polskich i krzyżackich opisana w "Krzyżakach" Henryka Sienkiewicza Grunwald
75%
Z powodu występowania bardzo dużej liczby jezior, Mazury nazywane są... Krainą {Tysiąca} Jezior
75%
Drugie miasto na prawach powiatu Elbląg
72%
Jednostka administracyjna Rosji, z którą graniczy województwo Obwód Królewiecki
61%
Jeden z największych bunkrów Hitlera położony nieopodal Kętrzyna Wilczy Szaniec
53%
Część państwa niemieciego, które przez większość czasu zajmowało obszar Warmii i Mazur Prusy Wschodnie
50%
Jezioro, nad którym położone są Mikołajki (jedno z trzech) Tałty | Łuknajno | Mikołajskie
29%
Drugi największy powiat pod względem wielkości szczycieński
25%
Wojewoda warmińsko-mazurski Radosław Król
22%
Największy kompleks leśny na Mazurach Puszcza Piska
20%
Nie znaleziono quizów pasujących do podanych kryteriów
Rozkład punktacji
Procent ludzi z każdym wynikiem
Percentyl według liczby udzielonych odpowiedzi
Twoja historia wyników
Nie rozwiązałeś tego quizu